Where is that city? - Statistics

General Stats
  • This quiz has been taken 46 times
  • The average score is 11 of 15
Answer Stats
City Country % Correct
Seville Spain
100%
Geneva Switzerland
98%
Limerick Ireland
96%
Guadalajara Mexico
96%
Luxor Egypt
93%
Bergen Norway
93%
Magdeburg Germany
87%
Incheon South Korea
80%
Yangon Myanmar
78%
Cusco Peru
76%
Gaziantep Turkey
67%
Erbil Iraq
58%
Porto Algere Argentina
40%
Camaguey Cuba
38%
Bulawayo Zimbabwe
33%
No matching quizzes found
Score Distribution
Percent of People with Each Score
Percentile by Number Answered
Your Score History
You have not taken this quiz